| 000 | 00374nam a2200169Ia 4500 | ||
|---|---|---|---|
| 999 |
_c1970 _d1970 |
||
| 003 | OSt | ||
| 005 | 20190921210835.0 | ||
| 008 | 190723s9999 xx 000 0 und d | ||
| 020 | _a978-0470432051 | ||
| 040 | _cmaju | ||
| 100 | _aHoward Anton | ||
| 245 | 0 | _aElementary Linear Algebra | |
| 250 | _a11nth | ||
| 260 |
_aUK _bWiley _c2018 |
||
| 300 | _a812:p | ||
| 942 |
_cBK _2ddc |
||